[Event "IX Festival A"]
[Site "Montecatini Terme ITA"]
[Date "2000.08.02"]
[Round "5"]
[White "Citti, Gianluca"]
[Black "Martorelli, Antonio"]
[Result "0-1"]
[WhiteElo "2170"]
[BlackElo "2272"]
[PlyCount "70"]
[EventDate "2000.07.29"]

1. e4 c5 2. Nc3 e6 3. Nge2 Nc6 4. g3 d5 5. exd5 exd5 6. Bg2 d4 7. Nd5 Nf6 8.
Nef4 Bd6 9. d3 O-O 10. O-O Rb8 11. Nxf6+ Qxf6 12. Nd5 Qd8 13. Re1 b6 14. Qh5 g6
15. Qh6 Ne5 16. h3 Bb7 17. f4 Bxd5 18. Bxd5 Bc7 19. fxe5 Qxd5 20. Re4 f5 21.
exf6 Rxf6 22. Bf4 Bxf4 23. Rxf4 Rxf4 24. Qxf4 Rf8 25. Qd2 Qf3 26. Qg2 Qe3+ 27.
Kh1 Rf3 28. Rf1 Rxf1+ 29. Qxf1 Qxg3 30. a4 Kg7 31. b3 Kh6 32. Qf8+ Kh5 33. Qf1
Kh4 34. Qf6+ Kxh3 35. Qe6+ Qg4 0-1

[Event "IX Festival A"]
[Site "Montecatini Terme ITA"]
[Date "2000.08.02"]
[Round "5"]
[White "De Gleria, Francesco"]
[Black "Menoni, Vincenzo"]
[Result "1/2-1/2"]
[WhiteElo "2446"]
[BlackElo "2240"]
[PlyCount "58"]
[EventDate "2000.07.29"]

1. e4 e6 2. d4 d5 3. Nc3 Bb4 4. e5 c5 5. a3 Bxc3+ 6. bxc3 Ne7 7. Qg4 Qc7 8. Bd3
cxd4 9. Ne2 dxc3 10. Qxg7 Rg8 11. Qxh7 Nbc6 12. Bf4 Bd7 13. O-O O-O-O 14. Bg3
Nxe5 15. Rfe1 Rde8 16. Nd4 f6 17. Qh4 Ref8 18. Rab1 N7g6 19. Qh7 f5 20. Rxe5
Nxe5 21. Nb5 Qb8 22. Qe7 f4 23. Nd6+ Kc7 24. Nb5+ Kc8 25. Nd6+ Kc7 26. Nb5+ Kc8
27. Bh4 Nc6 28. Nd6+ Kc7 29. Nb5+ Kc8 1/2-1/2

[Event "IX Festival A"]
[Site "Montecatini Terme ITA"]
[Date "2000.08.02"]
[Round "5"]
[White "Drei, Andrea"]
[Black "Pantaleoni, Claudio"]
[Result "0-1"]
[WhiteElo "2350"]
[BlackElo "2201"]
[PlyCount "76"]
[EventDate "2000.07.29"]

1. e4 c5 2. Nf3 Nc6 3. d4 cxd4 4. Nxd4 g6 5. c4 Bg7 6. Be3 Nf6 7. Nc3 O-O 8.
Be2 b6 9. O-O Bb7 10. Qd2 Nxd4 11. Bxd4 e5 12. Bxe5 Nxe4 13. Nxe4 Bxe5 14. Ng3
Qf6 15. Rab1 Rad8 16. f4 Bd4+ 17. Kh1 d5 18. Bf3 Rfe8 19. f5 Be3 20. Qc2 Qh4
21. fxg6 hxg6 22. Bxd5 Bxd5 23. cxd5 Rxd5 24. Qb3 Ree5 25. Rf3 Bf4 26. Rbf1
Bxg3 27. Rxg3 Rf5 28. Re1 Qd4 29. Rge3 Rf2 30. Re8+ Kg7 31. Qh3 Rh5 32. Qa3 Qc5
33. Qxc5 Rxc5 34. R8e3 Rcc2 35. Ra3 Rxg2 36. Rxa7 Rxh2+ 37. Kg1 Rcg2+ 38. Kf1
Rxb2 0-1

[Event "IX Festival A"]
[Site "Montecatini Terme ITA"]
[Date "2000.08.02"]
[Round "5"]
[White "Farina, Saverio"]
[Black "Zelcic, Robert"]
[Result "0-1"]
[WhiteElo "2153"]
[BlackElo "2457"]
[PlyCount "120"]
[EventDate "2000.07.29"]

1. c4 Nf6 2. Nc3 e6 3. e4 d5 4. exd5 exd5 5. d4 Be7 6. Nf3 O-O 7. cxd5 Nxd5 8.
Bc4 Nb6 9. Bb3 Bg4 10. h3 Bxf3 11. Qxf3 Nc6 12. Be3 Nxd4 13. Bxd4 Qxd4 14. Qxb7
Ba3 15. O-O Bxb2 16. Nb5 Qf4 17. g3 Qh6 18. Rab1 Be5 19. Kg2 a6 20. Na3 Rad8
21. Rbd1 Qg6 22. Nc4 Nxc4 23. Bxc4 Bxg3 24. Qb1 Qc6+ 25. Kxg3 Qxc4 26. Rxd8
Rxd8 27. Rc1 Qe2 28. Qf5 g6 29. Qf4 Qxa2 30. Rxc7 Qe6 31. Rc3 Qd6 32. Qxd6 Rxd6
33. Rc8+ Kg7 34. Ra8 Rd3+ 35. Kg2 Ra3 36. Ra7 Ra1 37. Ra8 g5 38. Ra7 a5 39. Ra6
a4 40. Ra5 Kg6 41. Ra8 a3 42. Ra6+ f6 43. Ra5 h5 44. Ra4 f5 45. Ra6+ Kf7 46.
Kh2 g4 47. Kg2 Ke7 48. Kh2 f4 49. hxg4 hxg4 50. Kg2 a2 51. Ra7+ Kd6 52. Ra6+
Kc7 53. Ra7+ Kb6 54. Ra8 f3+ 55. Kh2 g3+ 56. Kxg3 Rg1+ 57. Kxf3 a1=Q 58. Rxa1
Rxa1 59. Ke4 Ra5 60. f4 Kc6 0-1

[Event "IX Festival A"]
[Site "Montecatini Terme ITA"]
[Date "2000.08.02"]
[Round "5"]
[White "Gagliardi, Pietro"]
[Black "Sulava, Nenad"]
[Result "0-1"]
[WhiteElo "2227"]
[BlackElo "2549"]
[PlyCount "84"]
[EventDate "2000.07.29"]

1. e4 d5 2. exd5 Qxd5 3. Nc3 Qd6 4. d3 g6 5. g3 Bg7 6. Bg2 c6 7. Nge2 Nf6 8. h3
O-O 9. O-O Nbd7 10. Bd2 a5 11. Qc1 Re8 12. f4 a4 13. a3 Nc5 14. g4 b6 15. Ng3
Ba6 16. Kh2 Rad8 17. Be3 Nd5 18. Nce4 Nxe4 19. Nxe4 Qc7 20. Bd2 c5 21. Nc3 Nxc3
22. Bxc3 e5 23. Kg1 c4 24. dxc4 Bxc4 25. Rf2 Bh6 26. g5 Bf8 27. Bxe5 Rxe5 28.
fxe5 Bc5 29. Qf4 Rd4 30. Be4 Bd5 31. Re1 Qb7 32. Kh2 Rxe4 33. Rxe4 Bxe4 34. Rd2
Be7 35. Rf2 Bf5 36. Qxa4 Bxg5 37. Qd4 Be7 38. Rd2 Qf3 39. b4 Bg5 40. Rf2 Qxh3+
41. Kg1 Be3 42. Qd8+ Kg7 0-1

[Event "IX Festival A"]
[Site "Montecatini Terme ITA"]
[Date "2000.08.02"]
[Round "5"]
[White "Godena, Michele"]
[Black "Jovanic, Ognjen"]
[Result "1/2-1/2"]
[WhiteElo "2485"]
[BlackElo "2313"]
[PlyCount "92"]
[EventDate "2000.07.29"]

1. e4 g6 2. d4 Bg7 3. Nf3 d6 4. Bc4 c6 5. O-O Nf6 6. e5 dxe5 7. dxe5 Nd5 8. h3
O-O 9. Qe2 Qc7 10. Re1 a5 11. Qe4 Nb6 12. Bd3 Bf5 13. Qh4 Bxd3 14. cxd3 f6 15.
Bh6 Na6 16. Nc3 Qd7 17. Re3 Nc7 18. Rae1 Nbd5 19. Bxg7 Kxg7 20. R3e2 Rae8 21.
Qa4 b5 22. Qd1 Ne6 23. d4 f5 24. Rc2 Rc8 25. Qd2 Nb4 26. Rcc1 Rfd8 27. Red1 Qa7
28. d5 Nxd5 29. Nxb5 cxb5 30. Rxc8 Rxc8 31. Qxd5 Rd8 32. Qb3 a4 33. Qc2 Rxd1+
34. Qxd1 Qc5 35. Qd7 Kf7 36. Qd2 b4 37. Kh2 b3 38. axb3 axb3 39. Qh6 Kg8 40.
Qh4 Kg7 41. Qa4 Qxf2 42. Qb4 Nc5 43. Nd4 Qf4+ 44. g3 Qf2+ 45. Kh1 Qf1+ 46. Kh2
Qf2+ 1/2-1/2

[Event "IX Festival A"]
[Site "Montecatini Terme ITA"]
[Date "2000.08.02"]
[Round "5"]
[White "Guido, Flavio"]
[Black "Vezzosi, Paolo"]
[Result "0-1"]
[WhiteElo "2303"]
[BlackElo "2421"]
[PlyCount "74"]
[EventDate "2000.07.29"]

1. e4 c5 2. Nf3 g6 3. d4 Bg7 4. Be2 cxd4 5. Nxd4 Nc6 6. Nb3 Nf6 7. Nc3 O-O 8.
O-O d6 9. Re1 Be6 10. Bf1 Rc8 11. Nd5 Ne5 12. Bg5 Bxd5 13. exd5 Nc4 14. Bxc4
Rxc4 15. Qd3 Rg4 16. Be3 Nh5 17. Qd1 Rc4 18. c3 Nf6 19. Qd3 Rc8 20. Bd4 Re8 21.
Re2 Nxd5 22. Qe4 e6 23. Bxg7 Kxg7 24. c4 Nb6 25. Na5 Qe7 26. Rd1 Rc7 27. h4 h5
28. Rd3 Rd8 29. Red2 Kh7 30. b3 d5 31. cxd5 Rxd5 32. Rxd5 Nxd5 33. Nc4 b5 34.
Ne5 Rc1+ 35. Kh2 Qc7 36. g3 Nf6 37. Qf4 Qxe5 0-1

[Event "IX Festival A"]
[Site "Montecatini Terme ITA"]
[Date "2000.08.02"]
[Round "5"]
[White "Komarov, Dimitri"]
[Black "Dervishi, Erald"]
[Result "1/2-1/2"]
[WhiteElo "2556"]
[BlackElo "2478"]
[PlyCount "57"]
[EventDate "2000.07.29"]

1. d4 Nf6 2. c4 e6 3. Nf3 d5 4. g3 Be7 5. Bg2 O-O 6. O-O b6 7. Nc3 Bb7 8. Ne5
Na6 9. b3 c5 10. Bb2 Ne4 11. cxd5 exd5 12. Nxe4 dxe4 13. Qb1 f5 14. Rd1 Qe8 15.
dxc5 Nxc5 16. b4 Na4 17. Bd4 Rd8 18. f4 exf3 19. Bxf3 Bxf3 20. exf3 Kh8 21. Qb3
f4 22. Bf2 fxg3 23. hxg3 Bd6 24. Nc4 Bc7 25. Rxd8 Qxd8 26. Qxa4 Bxg3 27. Bxg3
Qd4+ 28. Kg2 Qxa1 29. Qb3 1/2-1/2

[Event "IX Festival A"]
[Site "Montecatini Terme ITA"]
[Date "2000.08.02"]
[Round "5"]
[White "Lanzani, Mario"]
[Black "Friedrich, Norbert"]
[Result "1-0"]
[WhiteElo "2419"]
[BlackElo "2239"]
[PlyCount "149"]
[EventDate "2000.07.29"]

1. e4 e6 2. d4 d5 3. Nc3 Nf6 4. Bg5 dxe4 5. Nxe4 Nbd7 6. Nxf6+ Nxf6 7. Bd3 h6
8. Bh4 c5 9. dxc5 Qa5+ 10. c3 Qxc5 11. Qe2 Bd7 12. Nf3 Bd6 13. Bg3 Bxg3 14.
hxg3 Bc6 15. O-O Qh5 16. Ne5 Qxe2 17. Bxe2 Ke7 18. Nxc6+ bxc6 19. Rfd1 Rab8 20.
b3 Rhd8 21. Kf1 Rxd1+ 22. Rxd1 Rd8 23. Rxd8 Kxd8 24. Bf3 Kc7 25. Ke2 Ne8 26.
Kd3 Nd6 27. b4 Kb6 28. Bd1 Nf5 29. g4 Nd6 30. Bb3 Ne8 31. Kd4 Nf6 32. f3 Nd7
33. a3 Kc7 34. c4 Nf8 35. c5 Ng6 36. g3 Nf8 37. Bc2 Nd7 38. a4 Nf6 39. b5 Nd7
40. Be4 cxb5 41. axb5 Nf6 42. Bc2 Nd7 43. Ba4 Nf6 44. Bd1 Nd7 45. f4 Nf8 46.
Bf3 Nd7 47. g5 hxg5 48. fxg5 Nf8 49. Be4 Nd7 50. Bd3 Nf8 51. Kc4 Nd7 52. Kb4
Kb8 53. Bc2 Ne5 54. Be4 Nd7 55. Bc6 Ne5 56. Be8 Kc7 57. g6 fxg6 58. Kc3 g5 59.
Kd4 Nf3+ 60. Ke3 g4 61. Bg6 Ne5 62. Be4 Nd7 63. Kd4 Nf6 64. Bg6 Nd7 65. Bf7 e5+
66. Kd5 e4 67. Kd4 e3 68. Bc4 Nf6 69. Kxe3 Nh5 70. Kf2 Nf6 71. Bd3 Nd7 72. c6
Ne5 73. Ke3 Kd6 74. Be2 Ke6 75. Kd4 1-0

[Event "IX Festival A"]
[Site "Montecatini Terme ITA"]
[Date "2000.08.02"]
[Round "5"]
[White "Mauro, Alan"]
[Black "Frigieri, Fabrizio"]
[Result "1-0"]
[WhiteElo "2214"]
[BlackElo "2075"]
[PlyCount "71"]
[EventDate "2000.07.29"]

1. e4 d5 2. exd5 Nf6 3. d4 Nxd5 4. Nf3 g6 5. Be2 Bg7 6. O-O O-O 7. c4 Nb6 8.
Nc3 Nc6 9. Be3 Bg4 10. c5 Nd5 11. Nxd5 Qxd5 12. h3 Bf5 13. Qa4 e6 14. Rfd1 h6
15. Rac1 g5 16. b4 Kh8 17. Bc4 Qe4 18. d5 Ne5 19. Nxe5 Bxe5 20. Bd3 Qh4 21.
Bxf5 exf5 22. Qd7 Qe4 23. Qb5 a6 24. Qxb7 f4 25. Bd2 f3 26. Re1 Qd3 27. Rcd1
fxg2 28. Bf4 Qxh3 29. Bxe5+ Kg8 30. Bh2 Rab8 31. Qxc7 Rxb4 32. Qg3 g4 33. Qxh3
gxh3 34. Re3 Rb2 35. Rxh3 Rxa2 36. c6 1-0

[Event "IX Festival A"]
[Site "Montecatini Terme ITA"]
[Date "2000.08.02"]
[Round "5"]
[White "Nelli, Luca"]
[Black "Belotti, Bruno"]
[Result "1/2-1/2"]
[WhiteElo "2279"]
[BlackElo "2417"]
[PlyCount "110"]
[EventDate "2000.07.29"]

1. c4 g6 2. Nc3 Bg7 3. g3 Nc6 4. Bg2 e5 5. e3 h5 6. h3 d6 7. Nge2 Nh6 8. d4
exd4 9. Nxd4 Nxd4 10. exd4 Qe7+ 11. Be3 Nf5 12. Nd5 Qd8 13. O-O O-O 14. Qd2 c6
15. Nc3 Nxe3 16. fxe3 Qe7 17. e4 Be6 18. b3 c5 19. Ne2 Bd7 20. Rad1 cxd4 21.
Nxd4 Be5 22. Ne2 Bc6 23. Nf4 h4 24. g4 Qg5 25. Nd5 Qxd2 26. Rxd2 Kg7 27. Bf3
Rac8 28. Kg2 Rfe8 29. Rc1 Bg3 30. Rdc2 Rcd8 31. Rd1 Re5 32. Rcd2 Rc8 33. a4
Bxd5 34. Rxd5 Rxd5 35. Rxd5 Rc5 36. Rd1 b6 37. Be2 Be5 38. Rf1 Bc3 39. Rf3 Bb4
40. Kf2 Re5 41. Bd3 Bc5+ 42. Ke2 a6 43. Rf1 Re7 44. Rb1 f5 45. gxf5 gxf5 46.
Kf3 Kf6 47. Kf4 fxe4 48. Bxe4 Rg7 49. Rf1 Rg3 50. Rf3 Bd4 51. Rxg3 Be5+ 52. Kg4
Bxg3 53. Bb7 a5 54. Kf3 Ke5 55. Ke3 Bf4+ 1/2-1/2

[Event "IX Festival A"]
[Site "Montecatini Terme ITA"]
[Date "2000.08.02"]
[Round "5"]
[White "Rossi, Giampiero"]
[Black "Mola, Pietro"]
[Result "0-1"]
[WhiteElo "2101"]
[BlackElo "2250"]
[PlyCount "112"]
[EventDate "2000.07.29"]

1. d4 Nf6 2. c4 e6 3. Nc3 Bb4 4. Qc2 d5 5. cxd5 Qxd5 6. Nf3 Qf5 7. Qxf5 exf5 8.
e3 O-O 9. a3 Be7 10. Bc4 Nbd7 11. O-O Nb6 12. Ba2 c6 13. Bd2 h6 14. Ne5 Be6 15.
Ng6 Rfe8 16. Bxe6 fxe6 17. Nxe7+ Rxe7 18. b3 Rd8 19. Rfd1 Red7 20. Be1 Nfd5 21.
Ne2 Nc8 22. a4 Nd6 23. Rac1 a6 24. Kf1 g5 25. Bd2 Kh7 26. f3 Rf7 27. Kf2 Rg8
28. h3 Rg6 29. Nc3 Nf6 30. Ke2 Rd7 31. Be1 h5 32. Bf2 Kg8 33. Bg3 f4 34. Bf2
fxe3 35. Bxe3 g4 36. hxg4 hxg4 37. Rg1 Nf5 38. Rcd1 Rdg7 39. Bf2 Nh5 40. Ne4
Nf4+ 41. Kd2 g3 42. Be3 Nd5 43. Rde1 a5 44. Kd3 Ndxe3 45. Rxe3 Rd7 46. Ree1
Rxd4+ 47. Kc3 b5 48. Rd1 b4+ 49. Kb2 e5 50. Rxd4 Nxd4 51. Rc1 Rh6 52. Rc5 Rh2
53. Rxe5 Rxg2+ 54. Kb1 Rg1+ 55. Kb2 g2 56. Re7 Kf8 0-1

[Event "IX Festival A"]
[Site "Montecatini Terme ITA"]
[Date "2000.08.02"]
[Round "5"]
[White "Skembris, Spyridon"]
[Black "Iotti, Pierluigi"]
[Result "0-1"]
[WhiteElo "2475"]
[BlackElo "2294"]
[PlyCount "129"]
[EventDate "2000.07.29"]

1. d4 Nf6 2. c4 e6 3. Nf3 b6 4. g3 Bb7 5. Bg2 Be7 6. O-O O-O 7. Nc3 Ne4 8. Bd2
Nxc3 9. Bxc3 Be4 10. d5 Bf6 11. Rc1 d6 12. dxe6 fxe6 13. Bh3 Qe7 14. Nd4 e5 15.
Nf5 Qe8 16. Ne3 Bg5 17. Bd2 Bxe3 18. Bxe3 Nd7 19. b4 a5 20. a3 axb4 21. axb4
Nf6 22. f3 Bc6 23. Qd2 Kh8 24. Bg5 e4 25. Bg2 exf3 26. exf3 Qf7 27. Rfe1 Rfe8
28. Qf4 h6 29. Bxf6 Qxf6 30. Qxf6 gxf6 31. b5 Bd7 32. f4 Rxe1+ 33. Rxe1 Re8 34.
Ra1 Be6 35. Bc6 Rc8 36. Ra4 Kg7 37. Kf2 f5 38. Ke3 Kf6 39. Kd4 Ke7 40. Ra7 Kf6
41. Bf3 Bf7 42. g4 fxg4 43. Bxg4 Be6 44. Bf3 Ke7 45. Be4 Kf6 46. Bd5 Bf5 47.
Bc6 Be6 48. Be4 Bd7 49. Bb7 Re8 50. Bc6 Bxc6 51. bxc6 Re7 52. Ra8 Kf5 53. Rf8+
Kg6 54. Rd8 Kf6 55. Kd5 Kf5 56. Rd7 Kf6 57. h3 Kf7 58. Rxc7 Rxc7 59. Kxd6 Re7
60. c7 Re8 61. Kd7 Re4 62. c5 Re7+ 63. Kd6 Rxc7 64. cxb6 Re7 65. Kc6 0-1

[Event "IX Festival A"]
[Site "Montecatini Terme ITA"]
[Date "2000.08.02"]
[Round "5"]
[White "Tischbierek, Raj"]
[Black "Farago, Ivan"]
[Result "1/2-1/2"]
[WhiteElo "2521"]
[BlackElo "2486"]
[PlyCount "70"]
[EventDate "2000.07.29"]

1. e4 e6 2. d4 d5 3. Nd2 Nf6 4. e5 Nfd7 5. c3 c5 6. Bd3 Nc6 7. Ne2 Qb6 8. Nf3
cxd4 9. cxd4 f6 10. exf6 Nxf6 11. O-O Bd6 12. b3 Qc7 13. Bb2 O-O 14. Rc1 Ng4
15. Ng3 Bf4 16. Rc3 Bd7 17. Bc1 Rae8 18. Bxf4 Qxf4 19. Bb5 Nb8 20. Bxd7 Nxd7
21. Qc1 Qb8 22. Qg5 Ngf6 23. Re1 Rf7 24. Rce3 h6 25. Qh4 Nf8 26. Ne5 Rc7 27.
Nh5 Nxh5 28. Qxh5 Ree7 29. Rg3 Kh7 30. Rf3 Qe8 31. Qg4 Ng6 32. Rfe3 Nxe5 33.
Rxe5 Qg6 34. h3 Qxg4 35. hxg4 Rc2 1/2-1/2

[Event "IX Festival A"]
[Site "Montecatini Terme ITA"]
[Date "2000.08.02"]
[Round "5"]
[White "Tjiam, Dharma"]
[Black "Naumkin, Igor"]
[Result "1-0"]
[WhiteElo "2333"]
[BlackElo "2440"]
[PlyCount "69"]
[EventDate "2000.07.29"]

1. d4 e6 2. c4 f5 3. Nf3 Nf6 4. g3 Bb4+ 5. Bd2 Bxd2+ 6. Nbxd2 O-O 7. Bg2 d6 8.
O-O Nc6 9. Qb3 Kh8 10. d5 Ne5 11. Nd4 Ng6 12. Nxe6 Bxe6 13. dxe6 Rb8 14. Nf3
Ne4 15. Qc2 Qf6 16. Rad1 Nc5 17. Nd4 f4 18. Rd2 a5 19. Qc3 Ne5 20. Rdd1 b6 21.
gxf4 Qxf4 22. e3 Qf6 23. f4 Ng4 24. h3 Nh6 25. e7 Rf7 26. Nc6 Qxc3 27. bxc3 Re8
28. Bd5 Rf6 29. e4 Ng8 30. e5 Rg6+ 31. Kh2 Rxe7 32. Nxe7 Nxe7 33. Bf7 Rh6 34.
exd6 cxd6 35. Rde1 1-0

[Event "IX Festival A"]
[Site "Montecatini Terme ITA"]
[Date "2000.08.02"]
[Round "5"]
[White "Trabert, Bettina"]
[Black "De Kleuver, Esther"]
[Result "0-1"]
[WhiteElo "2259"]
[BlackElo "2167"]
[PlyCount "96"]
[EventDate "2000.07.29"]

1. e4 c5 2. Nf3 d6 3. c3 Nf6 4. Be2 e6 5. O-O Nc6 6. d3 Be7 7. Re1 O-O 8. h3 b6
9. d4 cxd4 10. cxd4 Bb7 11. Nc3 Rc8 12. Bd3 a6 13. Bg5 Nd7 14. Bxe7 Qxe7 15.
Rc1 Rfd8 16. a3 Qf6 17. Bb1 Ne7 18. Rc2 Ng6 19. g3 b5 20. Nh2 Nb6 21. Ng4 Qe7
22. f4 h5 23. Ne3 h4 24. f5 Nf8 25. Rg2 Nc4 26. Nxc4 Rxc4 27. Ba2 Rc7 28. fxe6
fxe6 29. gxh4 Qxh4 30. Re3 Rf7 31. Reg3 Qf6 32. Kh2 Rdd7 33. Rg4 Rc7 34. Ne2
Qf3 35. Qe1 Rc2 36. Bb1 Rxb2 37. Ng1 Rxg2+ 38. Rxg2 Qf4+ 39. Kh1 Qf1 40. Qb4
Qf4 41. Qe1 Rc7 42. Ne2 Qe3 43. Qh4 Rf7 44. Kh2 Qxa3 45. Nf4 Qe3 46. Nh5 Qxd4
47. Ba2 Qe5+ 48. Kg1 a5 0-1

[Event "IX Festival A"]
[Site "Montecatini Terme ITA"]
[Date "2000.08.02"]
[Round "5"]
[White "Van Esch, Sebastian"]
[Black "Dittmar, Peter"]
[Result "0-1"]
[WhiteElo "2158"]
[BlackElo "2364"]
[PlyCount "89"]
[EventDate "2000.07.29"]

1. d4 e6 2. c4 Nf6 3. Nf3 d5 4. Nc3 c5 5. cxd5 Nxd5 6. e4 cxd4 7. Nxd5 exd5 8.
exd5 Qxd5 9. Qxd4 Qxd4 10. Nxd4 Bb4+ 11. Bd2 Bxd2+ 12. Kxd2 O-O 13. Rd1 Bd7 14.
f3 Nc6 15. Ke3 Rfe8+ 16. Kf2 Rad8 17. Nxc6 Bxc6 18. Be2 Bd5 19. Rd2 Be6 20.
Rxd8 Rxd8 21. b3 Rc8 22. Rd1 Kf8 23. Rd2 Rc1 24. h4 h6 25. f4 Ke7 26. g3 a5 27.
Bd3 Rc3 28. Ke3 Rc5 29. Rc2 Kd6 30. Kd4 Rd5+ 31. Ke3 Rxd3+ 32. Kxd3 Bf5+ 33.
Kc3 Bxc2 34. Kxc2 Ke6 35. Kd3 Kf5 36. Ke3 Kg4 37. Kf2 h5 38. Kg2 f5 39. Kf2 Kh3
40. Kf3 Kh2 41. Kf2 b6 42. a3 b5 43. b4 axb4 44. axb4 g6 45. Kf3 0-1

[Event "IX Festival A"]
[Site "Montecatini Terme ITA"]
[Date "2000.08.02"]
[Round "5"]
[White "Van der Werf, Mark"]
[Black "Ferretti, Folco"]
[Result "1-0"]
[WhiteElo "2429"]
[BlackElo "2278"]
[PlyCount "79"]
[EventDate "2000.07.29"]

1. d4 Nf6 2. c4 e6 3. Nf3 Bb4+ 4. Bd2 Qe7 5. g3 Nc6 6. Nc3 O-O 7. Bg2 Bxc3 8.
Bxc3 Ne4 9. Rc1 d6 10. d5 Nxc3 11. Rxc3 Nb8 12. dxe6 fxe6 13. Nd4 e5 14. Nc2
Nc6 15. O-O a5 16. a3 Be6 17. Ne3 Qd7 18. Nd5 Nd4 19. e3 Nf5 20. f4 Rab8 21. g4
Ne7 22. f5 Bxd5 23. Bxd5+ Nxd5 24. Qxd5+ Kh8 25. Qxa5 g5 26. e4 Kg7 27. Qd5 Rf6
28. Rf2 h6 29. h4 gxh4 30. Rg2 Qf7 31. Rh2 b5 32. b4 Qxd5 33. cxd5 Rb7 34. Rxh4
Ra7 35. Kf2 Rf8 36. Rch3 Rfa8 37. Rxh6 Rxa3 38. Rxa3 Rxa3 39. g5 Ra2+ 40. Kf3
1-0

[Event "IX Festival A"]
[Site "Montecatini Terme ITA"]
[Date "2000.08.02"]
[Round "5"]
[White "Wall, Gavin"]
[Black "Grigore, George-Gabriel"]
[Result "1-0"]
[WhiteElo "2384"]
[BlackElo "2508"]
[PlyCount "73"]
[EventDate "2000.07.29"]

1. e4 c5 2. Nf3 Nc6 3. Bb5 g6 4. O-O Bg7 5. Re1 Nf6 6. Nc3 O-O 7. e5 Ne8 8. d3
Nc7 9. a4 Ne6 10. Nd5 b6 11. c3 Bb7 12. Nf4 Na5 13. Nxe6 fxe6 14. Ng5 a6 15.
Bc4 Nxc4 16. dxc4 Qc7 17. f4 Rf5 18. Qd3 Rxg5 19. fxg5 Bxe5 20. h3 Bg7 21. Rf1
e5 22. Qg3 e6 23. Bd2 Re8 24. Rf2 d5 25. Raf1 Re7 26. Rf6 Bxf6 27. gxf6 Rf7 28.
h4 e4 29. Bf4 Qd8 30. Be5 Rd7 31. h5 Kf7 32. hxg6+ hxg6 33. Rf4 Qg8 34. Rh4
dxc4 35. Qh3 Rd1+ 36. Kh2 Rd2 37. Rh7+ 1-0

[Event "IX Festival A"]
[Site "Montecatini Terme ITA"]
[Date "2000.08.02"]
[Round "5"]
[White "Wustefeld, Carl"]
[Black "Murgia, Andrea"]
[Result "1-0"]
[WhiteElo "2214"]
[BlackElo "2131"]
[PlyCount "59"]
[EventDate "2000.07.29"]

1. e4 e5 2. Nc3 Nc6 3. f4 exf4 4. Nf3 d6 5. d4 g5 6. h4 g4 7. Ng5 h6 8. Nxf7
Kxf7 9. Bxf4 Bg7 10. Be3 Nf6 11. Bc4+ Ke8 12. Qe2 Qe7 13. O-O-O Bd7 14. Rhe1
Kd8 15. e5 Nh5 16. e6 Be8 17. Qxg4 Nf6 18. Qh3 Na5 19. Be2 d5 20. Bf4 b6 21.
Ba6 Rb8 22. Be5 Bc6 23. Qg3 Ne8 24. Bb5 Bxe5 25. Rxe5 Bxb5 26. Nxb5 a6 27.
Rxd5+ Kc8 28. Rd7 Qxe6 29. Rxc7+ Kd8 30. d5 1-0

[Event "IX Festival A"]
[Site "Montecatini Terme ITA"]
[Date "2000.08.03"]
[Round "6"]
[White "Basciu, Simone"]
[Black "Menoni, Vincenzo"]
[Result "1/2-1/2"]
[WhiteElo "2147"]
[BlackElo "2240"]
[PlyCount "75"]
[EventDate "2000.07.29"]

1. d4 Nf6 2. Nf3 g6 3. c4 Bg7 4. Nc3 d6 5. e4 O-O 6. Be2 e5 7. O-O Nc6 8. d5
Ne7 9. b4 Nh5 10. Re1 a5 11. Ba3 axb4 12. Bxb4 Nf4 13. Bf1 Bg4 14. h3 Bxf3 15.
Qxf3 c5 16. dxc6 Nxc6 17. a3 Ne6 18. Nd5 Ned4 19. Qc3 f5 20. c5 Nxb4 21. axb4
Rxa1 22. Rxa1 dxc5 23. bxc5 fxe4 24. Bc4 Kh8 25. Ne3 h5 26. Qb2 Qe7 27. Ra7 Rc8
28. Rxb7 Qxc5 29. Qb6 Qxb6 30. Rxb6 Rc6 31. Rxc6 Nxc6 32. Bd5 Ne7 33. Bxe4 Bf6
34. Kf1 Kg7 35. Ke2 Bg5 36. Nc4 Kf6 37. g3 Ke6 38. g4 1/2-1/2

[Event "IX Festival A"]
[Site "Montecatini Terme ITA"]
[Date "2000.08.03"]
[Round "6"]
[White "De Kleuver, Esther"]
[Black "Guido, Flavio"]
[Result "0-1"]
[WhiteElo "2167"]
[BlackElo "2303"]
[PlyCount "80"]
[EventDate "2000.07.29"]

1. e4 c5 2. c3 Nf6 3. e5 Nd5 4. d4 cxd4 5. Nf3 e6 6. cxd4 d6 7. a3 Bd7 8. Bd3
Bc6 9. O-O Nd7 10. b4 a6 11. Re1 Be7 12. Nbd2 dxe5 13. dxe5 Nf4 14. Be4 Rc8 15.
Bxc6 Rxc6 16. Ne4 Ng6 17. Bb2 O-O 18. Qb3 Qb8 19. Rad1 Rd8 20. Ng3 Rcc8 21. Bd4
b5 22. Re4 Nb6 23. Bxb6 Qxb6 24. Rde1 Qc6 25. Qe3 Qc3 26. h4 Qxe3 27. R1xe3
Rc1+ 28. Kh2 Rc2 29. h5 Nf8 30. Ne2 h6 31. Nfd4 Rc4 32. f4 Rd7 33. g4 Bd8 34.
Kg3 Bb6 35. Rd3 Rd5 36. Kf3 Nd7 37. g5 hxg5 38. Kg4 gxf4 39. Kxf4 Bc7 40. Nc3
Rxe5 0-1

[Event "IX Festival A"]
[Site "Montecatini Terme ITA"]
[Date "2000.08.03"]
[Round "6"]
[White "Dervishi, Erald"]
[Black "Tjiam, Dharma"]
[Result "1-0"]
[WhiteElo "2478"]
[BlackElo "2333"]
[PlyCount "105"]
[EventDate "2000.07.29"]

1. e4 d6 2. d4 Nf6 3. Nc3 g6 4. Nf3 Bg7 5. Be2 O-O 6. O-O c6 7. h3 Nbd7 8. e5
dxe5 9. dxe5 Nd5 10. Nxd5 cxd5 11. Bf4 Nc5 12. Qd2 Ne6 13. Bh6 Qc7 14. Bxg7
Kxg7 15. c3 Rd8 16. Rad1 Bd7 17. Qe3 Bc6 18. Nd4 Nxd4 19. Rxd4 h6 20. h4 h5 21.
Bxh5 Rh8 22. Bf3 e6 23. Qg5 Qd8 24. Qxd8 Raxd8 25. Rfd1 Rc8 26. g3 Bb5 27. R1d2
Bc4 28. a3 a5 29. Bd1 Rc7 30. f4 b6 31. Rh2 f5 32. exf6+ Kxf6 33. Be2 Bb3 34.
Bd3 Re7 35. Re2 Rb8 36. Re5 b5 37. Kf2 Reb7 38. Rg5 Rg7 39. Ke3 Bc4 40. Kd2 b4
41. Bxc4 bxc3+ 42. bxc3 dxc4 43. Rxa5 Rb2+ 44. Ke3 Rc7 45. Rd2 Rb3 46. Kd4 Rb1
47. Re2 Rd1+ 48. Ke4 Rd3 49. Re3 Rcd7 50. g4 Rxe3+ 51. Kxe3 Rd3+ 52. Ke4 Rxc3
53. Ra7 1-0

[Event "IX Festival A"]
[Site "Montecatini Terme ITA"]
[Date "2000.08.03"]
[Round "6"]
[White "Dittmar, Peter"]
[Black "Lanzani, Mario"]
[Result "1/2-1/2"]
[WhiteElo "2364"]
[BlackElo "2419"]
[PlyCount "83"]
[EventDate "2000.07.29"]

1. c4 e5 2. Nc3 Bb4 3. e4 Ne7 4. Nge2 a5 5. g3 Nbc6 6. Bg2 d6 7. O-O Bc5 8. d3
Nd4 9. Nxd4 Bxd4 10. Be3 Nc6 11. Qd2 O-O 12. Nb5 Bc5 13. d4 exd4 14. Nxd4 Nxd4
15. Bxd4 Be6 16. Bxc5 dxc5 17. Qe2 c6 18. Rfd1 Qb6 19. Rd6 Qb4 20. Bf1 Rae8 21.
Rad1 f5 22. exf5 Bxf5 23. Qd2 Qxd2 24. R6xd2 Bg4 25. Rc1 Rd8 26. Rxd8 Rxd8 27.
h3 Be6 28. Rc2 Bf5 29. Rc3 a4 30. g4 Bb1 31. Ra3 Rd2 32. b3 Bc2 33. bxa4 b6 34.
a5 bxa5 35. Re3 Kf7 36. Re2 Rxe2 37. Bxe2 g5 38. f3 Kf6 39. Kf2 Ke5 40. Ke3 h6
41. Bf1 Bg6 42. Be2 1/2-1/2

[Event "IX Festival A"]
[Site "Montecatini Terme ITA"]
[Date "2000.08.03"]
[Round "6"]
[White "Farago, Ivan"]
[Black "Wall, Gavin"]
[Result "1-0"]
[WhiteElo "2486"]
[BlackElo "2384"]
[PlyCount "129"]
[EventDate "2000.07.29"]

1. d4 f5 2. Nf3 Nf6 3. g3 g6 4. Bg2 Bg7 5. O-O O-O 6. c4 d6 7. Nc3 Qe8 8. Nd5
Nxd5 9. cxd5 Qb5 10. Ng5 Na6 11. e4 c5 12. dxc6 bxc6 13. exf5 Bxf5 14. Re1 d5
15. Ne6 Bxe6 16. Rxe6 Rf7 17. Re1 Qb6 18. Be3 Nc7 19. Bh3 Kh8 20. Qd2 Nb5 21.
Rad1 a5 22. Re2 a4 23. Qb4 a3 24. bxa3 Rxa3 25. Rc2 e5 26. Rdc1 Bf8 27. Rxc6
Qxc6 28. Qxa3 Bxa3 29. Rxc6 Nxd4 30. Rc8+ Kg7 31. Bxd4 exd4 32. Rd8 Rc7 33.
Rd7+ Rxd7 34. Bxd7 d3 35. Kf1 Kf6 36. Bb5 d2 37. Ke2 Bb4 38. Bd3 h6 39. f4 g5
40. Bc2 g4 41. a4 h5 42. Kd3 Ba5 43. Bb3 Ke6 44. Ke3 Kd6 45. Bc2 Ke6 46. Bd1
Kf6 47. Kf2 Kf5 48. Bc2+ Kf6 49. Ke2 Bb4 50. Bh7 Kg7 51. Bf5 Ba5 52. Be6 d4 53.
Bb3 Kf6 54. Kd3 h4 55. gxh4 Kf5 56. h5 Bc7 57. h6 Kg6 58. Ke4 Kxh6 59. Bd1 Kh5
60. h3 Kh4 61. hxg4 Kg3 62. g5 Kf2 63. g6 Ke1 64. Bh5 d3 65. g7 1-0